Theory of simple structures

Tallennettuna:
Bibliografiset tiedot
Päätekijä: Shedd, Thomas Clark
Muut tekijät: Vawter, Jamison
Aineistotyyppi: Kirja
Julkaistu: New York, New York : Willey 1931
Aiheet:
Tagit: Lisää tagi
Ei tageja, Lisää ensimmäinen tagi!

MARC

LEADER 00000nam a2200000Ia 4500
003 000301
005 20221231143935.0
008 140114s1931 ny a 000 ||e d
040 |c cru CEDI 
082 |a 624.1 S541t2 
100 |a Shedd, Thomas Clark  |9 18898 
245 |a Theory of simple structures  
260 |a  New York, New York : Willey  |c 1931 
300 |a 345 páginas : ilustraciones ; 24 cm  
650 |x TEORIA DE LAS ESTRUCTURAS  |9 18900 
700 |9 18899  |a Vawter, Jamison 
942 |2 ddc  |c BK 
999 |c 14542  |d 14542